|
|
|
|
| LEADER |
00000naa2a2200000 4500 |
| 001 |
98096 |
| 005 |
20231031111225.0 |
| 035 |
|
|
|a (RuTPU)RU\TPU\book\105139
|
| 090 |
|
|
|a 98096
|
| 100 |
|
|
|a 20060613d2005 k y0rusy50 ca
|
| 101 |
0 |
|
|a rus
|
| 102 |
|
|
|a RU
|
| 200 |
1 |
|
|a Роль государственного регулирования в реформировании рынка труда в России
|f Г. Г. Закирова
|
| 463 |
|
0 |
|0 (RuTPU)RU\TPU\book\67901
|t Экономика России в XXI веке
|o сборник научных трудов II Всероссийской научно-практической конференции студентов, аспирантов и молодых ученых "Теоретические проблемы экономической безопасности России в XXI веке"
|f Томский политехнический университет, Инженерно-экономический факультет; под ред. Г. А. Барышевой
|v С. 102-104.
|d 2005
|p 220 с.
|
| 610 |
1 |
|
|a рынок труда
|
| 610 |
1 |
|
|a государственное регулирование
|
| 610 |
1 |
|
|a формирование
|
| 610 |
1 |
|
|a занятость
|
| 610 |
1 |
|
|a оплата труда
|
| 610 |
1 |
|
|a труды учёных ТПУ
|
| 700 |
|
1 |
|a Закирова
|b Г. Г.
|
| 801 |
|
1 |
|a RU
|b 63413507
|c 20060613
|g PSBO
|
| 801 |
|
2 |
|a RU
|b 63413507
|c 20130205
|g RCR
|
| 942 |
|
|
|c BK
|